00557 a2200229 4500260001700000630001800017037001300035650003900048100002000087260001900107245005100126300001100177650001400188260000900202300000900211100000700220037001100227037001100238440001400249250004600263020001800309 aVilleurbanne a57 - Biologie b2, Achat a5 - SCIENCES EXACTES ET NATURELLES aLouisot, Pierre bSimep Editions aBiochimie structurale : 3. Vitamines coenzymes a103 p. aBiochimie c1974 b27cm lFr aS 4018 aS 4025 aBiochimie a2e éd. revue, corrigée et augmentée a2-85334-099-6